| Tag |
First Indicator |
Second Indicator |
Subfields |
| LEADER |
00000cgm a2200000Mi 4500 |
| 001 |
in00005591007 |
| 006 |
m o c |
| 007 |
cr |n||||||||a |
| 007 |
vz |za|z| |
| 008 |
200309s2019 nyu040 e o vleng d |
| 005 |
20260324202727.8 |
| 040 |
|
|
|a ALSTP
|b eng
|e rda
|c ALSTP
|d OCLCO
|d OCLCF
|d OCLCO
|d OCLCQ
|
| 035 |
|
|
|a (OCoLC)1150013399
|
| 049 |
|
|
|a TXAM
|
| 245 |
0 |
0 |
|a Creating and animating a 3D object with Adobe Photoshop and Cinema 4D /
|c Jeff Shaffer ; [produced by] Apress.
|
| 246 |
3 |
|
|a Creating and animating a 3D object with Adobe Photoshop and Cinema 4D Lite
|
| 264 |
|
1 |
|a New York, NY :
|b Apress,
|c 2019.
|
| 300 |
|
|
|a 1 online resource (40 minutes)
|
| 306 |
|
|
|a 003957
|
| 336 |
|
|
|a two-dimensional moving image
|b tdi
|2 rdacontent
|
| 337 |
|
|
|a computer
|b c
|2 rdamedia
|
| 337 |
|
|
|a video
|b v
|2 rdamedia
|
| 338 |
|
|
|a online resource
|b cr
|2 rdacarrier
|
| 347 |
|
|
|a video file
|2 rda
|
| 500 |
|
|
|a Title from resource description page (viewed March 09, 2020).
|
| 511 |
0 |
|
|a Jeff Shaffer, presenter.
|
| 520 |
|
|
|a Prepare a photograph in Photoshop for use as a texture and surface for a 3D object in Cinema 4D Lite, and then animate that 3D object. This video shows you how 3D animation can stand alone and how you could incorporate it into After Effects to add effects and other elements to your animation project. You'll go through an example that covers a wide variety of skills you can apply to your future project and see the process from start to finish in Adobe Photoshop and After Effects/Cinema 4D Lite. You'll make selections, add layers, mask, create materials and objects, modify them, and animate the result. This video includes a detailed step-by-step explanation of every aspect involved in the making of the final video. What You Will LearnUse editing and layer masking in Photoshop Create a new project and import a Photoshop file in Cinema 4D Lite Master keyframing and basic animation principles, such as motion path and easing Apply materials and lights to a 3D object in Cinema 4D Lite Animate a 3D object in Cinema 4D Lite and prepare it for use in After Effects Who This Video Is For Intermediate users of Cinema 4D Lite and Photoshop.
|
| 546 |
|
|
|a In English.
|
| 630 |
0 |
0 |
|a Adobe Photoshop.
|
| 630 |
0 |
7 |
|a Adobe Photoshop.
|2 fast
|0 (OCoLC)fst01378295
|
| 650 |
|
0 |
|a Photography
|x Digital techniques.
|
| 650 |
|
0 |
|a Image processing
|x Digital techniques.
|
| 650 |
|
0 |
|a Three-dimensional imaging.
|
| 650 |
|
6 |
|a Photographie numérique.
|
| 650 |
|
6 |
|a Traitement d'images
|x Techniques numériques.
|
| 650 |
|
6 |
|a Imagerie tridimensionnelle.
|
| 650 |
|
7 |
|a Image processing
|x Digital techniques.
|2 fast
|0 (OCoLC)fst00967508
|
| 650 |
|
7 |
|a Photography
|x Digital techniques.
|2 fast
|0 (OCoLC)fst01061736
|
| 650 |
|
7 |
|a Three-dimensional imaging.
|2 fast
|0 (OCoLC)fst01150331
|
| 655 |
|
7 |
|a Instructional films.
|2 fast
|0 (OCoLC)fst01726236
|
| 655 |
|
7 |
|a Instructional films.
|2 lcgft
|
| 655 |
|
7 |
|a Films de formation.
|2 rvmgf
|
| 700 |
1 |
|
|a Shaffer, Jeff,
|e speaker.
|
| 710 |
2 |
|
|a Apress (Firm),
|e production company.
|
| 856 |
4 |
0 |
|u http://proxy.library.tamu.edu/login?url=https://www.aspresolver.com/aspresolver.asp?MARC;4691224
|z Connect to this streaming video (Alexander Street Press)
|t 0
|
| 955 |
|
|
|a Alexander Street Press subscription streaming video
|
| 994 |
|
|
|a 92
|b TXA
|
| 999 |
f |
f |
|s aa3babb7-2a6a-4bb8-87ce-36791c57fd20
|i 1e10cf99-03c8-451e-950c-000fbb8900ca
|t 0
|
| 952 |
f |
f |
|a Texas A&M University
|b College Station
|c Electronic Resources
|s www_evans
|d Available Online
|t 0
|h Library of Congress classification
|
| 998 |
f |
f |
|t 0
|l Available Online
|